| 000 | 00701cam a2200253 i 4500 | ||
|---|---|---|---|
| 001 | 2727080 | ||
| 003 | ARRUPE | ||
| 005 | 20150113181353.0 | ||
| 008 | 771122s1977 enk 000 0 eng | ||
| 010 | _a 77375277 | ||
| 015 | _aGB*** | ||
| 020 |
_a0860360660 : _c£1.65 |
||
| 040 |
_aDLC _cDLC _dDLC |
||
| 043 | _afs----- | ||
| 050 | 0 | 0 |
_aSPC DT2988 _b.L521 |
| 082 | 0 | 0 | _a320.9/68/06 |
| 100 | 1 |
_aLegum, Colin. _913861 |
|
| 245 | 1 | 0 |
_aSouthern Africa : _bthe year of the whirlwind / _cColin Legum. |
| 260 |
_aLondon : _bCollings, _c1977. |
||
| 300 |
_a72 p. ; _c22 cm. |
||
| 650 | 0 |
_aZimbabwe _xPolitics _y1964 _913862 |
|
| 906 |
_a7 _bcbc _corignew _d3 _encip _f19 _gy-gencatlg |
||
| 942 |
_2lcc _cSPC |
||
| 999 |
_c121635 _d121635 |
||